[Event "Gausdal Byggern Masters"]
[Site "Gausdal"]
[Date "2005.10.05"]
[Round "5"]
[White "Kulaots, Kaido"]
[Black "Bentsen, Oyvind"]
[Result "1-0"]
[WhiteElo "2558"]
[BlackElo "2146"]
[PlyCount "79"]
[EventDate "2005.10.01"]
[EventType "swiss"]
[EventRounds "9"]
[EventCountry "NOR"]
[SourceTitle "CBM 108 Extra"]
[Source "ChessBase"]
[SourceDate "2005.11.04"]
[SourceVersion "1"]
[SourceVersionDate "2005.11.04"]
[SourceQuality "1"]

1. e4 e5 2. Nf3 Nc6 3. Bb5 Nf6 4. d3 d6 5. 0-0 Be7 6. c3 0-0 7. Nbd2 a6 8. Ba4 Bg4 9. h3 Bh5 10. g4 Bg6 11. Bxc6 bxc6 12. Nc4 Nd7 13. Ne3 Nc5 14. Nf5 Bxf5 15. gxf5 f6 16. b4 Nd7 17. Kh2 a5 18. Rg1 Rf7 19. Qb3 d5 20. Be3 a4 21. Qc2 c5 22. b5 dxe4 23. dxe4 Nb6 24. Qe2 Bd6 25. Nd2 Qe8 26. Rab1 Rd7 27. h4 Qf7 28. c4 Kh8 29. h5 Bf8 30. Rg3 Rad8 31. Rbg1 Rd3 32. h6 gxh6 33. Qg4 Be7 34. Qg7+ Qxg7 35. Rxg7 Rxe3 36. fxe3 Rxd2+ 37. Kh3 Rd8 38. Rxe7 Nxc4 39. Rxc7 Nxe3 40. b6 1-0

[Event "Gausdal Byggern Masters"]
[Site "Gausdal"]
[Date "2005.10.03"]
[Round "3"]
[White "Bentsen, Oyvind"]
[Black "Ferkingstad, Sjur"]
[Result "1-0"]
[WhiteElo "2146"]
[BlackElo "2239"]
[PlyCount "121"]
[EventDate "2005.10.01"]
[EventType "swiss"]
[EventRounds "9"]
[EventCountry "NOR"]
[SourceTitle "CBM 108 Extra"]
[Source "ChessBase"]
[SourceDate "2005.11.04"]
[SourceVersion "1"]
[SourceVersionDate "2005.11.04"]
[SourceQuality "1"]

1. e4 e6 2. d4 d5 3. Nd2 Nf6 4. e5 Nfd7 5. Bd3 c5 6. c3 Nc6 7. Ngf3 cxd4 8. cxd4 Qb6 9. Nb3 a5 10. a4 Bb4+ 11. Ke2 f6 12. Qc2 Be7 13. Be3 f5 14. g3 Ndb8 15. Bb5 0-0 16. Rac1 Na6 17. h4 Ncb4 18. Qd1 Nc7 19. Bd3 Nxd3 20. Qxd3 Bd7 21. Nc5 Bxc5 22. dxc5 Qxb2+ 23. Rc2 Qb4 24. c6 bxc6 25. Bc5 Qe4+ 26. Qxe4 fxe4 27. Nd4 Rfc8 28. Rb1 Be8 29. g4 Na6 30. Nxe6 Bd7 31. Nd4 Bxg4+ 32. Ke3 Nb4 33. Bxb4 axb4 34. Nxc6 Rc7 35. Nxb4 Rxc2 36. Nxc2 Rxa4 37. Rb4 Ra6 38. Kd4 Be6 39. Rb8+ Kf7 40. h5 Ra7 41. Nb4 Rd7 42. Rb5 Bg4 43. Nxd5 Bxh5 44. Kxe4 Bg6+ 45. Ke3 Bf5 46. Nf4 Ra7 47. Ne2 Be6 48. Nd4 Bc4 49. Rb6 Bd5 50. Rd6 Bg2 51. f4 h5 52. Kf2 Be4 53. Kg3 g6 54. Kh4 Rb7 55. Ne6 Rb4 56. Ng5+ Ke7 57. Nxe4 Rxe4 58. Kg5 h4 59. Rxg6 h3 60. Rh6 Re3 61. Kg4 1-0